书目信息 |
| 题名: |
远离太阳的地方 第一部 天荒
|
|
| 作者: | 韩乃寅 著 | |
| 分册: | ||
| 出版信息: | 哈尔滨 北方文艺出版社 1998.12 |
|
| 页数: | 517页 | |
| 开本: | 32开 | |
| 丛书名: | ||
| 单 册: | ||
| 中图分类: | I247.5 | |
| 科图分类: | ||
| 主题词: | 小说--中国 | |
| 电子资源: | ||
| ISBN: | 7-5317-1086-2 | |
| 000 | 00551nam0 2200181 45 | |
| 001 | 0011202034 | |
| 005 | 20001120204757.4 | |
| 010 | @a7-5317-1086-2@dRMB 27.30 | |
| 100 | @a20001120d1998 km y0chiy0120 ea | |
| 101 | 0 | @achi |
| 200 | 1 | @a远离太阳的地方 第一部 天荒@Ayuan li tai yang de di fang di yi bu tian huang@f韩乃寅著@FHan Nai Yin Zhu |
| 210 | @a哈尔滨@c北方文艺出版社@d1998.12 | |
| 215 | @a517页@d32开 | |
| 606 | 0 | @a小说@x中国 |
| 690 | @aI247.5@v3 | |
| 701 | 0 | @a韩乃寅@4著 |
| 801 | @aCN@bPftUser@c20001120 | |
| 905 | @b418360-364@dI247.5@eH919:1@f5 | |
| 远离太阳的地方 第一部 天荒/韩乃寅著.-哈尔滨:北方文艺出版社,1998.12 |
| 517页;32开 |
| ISBN 7-5317-1086-2:RMB 27.30 |
| ● |
| 相关链接 |
|
|
|
正题名:远离太阳的地方 第一部 天荒
索取号:I247.5/H919:1
 
预约/预借
| 序号 | 登录号 | 条形码 | 馆藏地/架位号 | 状态 | 备注 |
| 1 | 366177 | 203661778 | 文学库108/ [索取号:I247.5/H919:1] | 在馆 | |
| 2 | 366178 | 203661787 | 社科二线422/422社科库 12排2列2层/ [索取号:I247.5/H919:1] | 在馆 | |
| 3 | 418360 | 204183604 | 文学库108/ [索取号:I247.5/H919:1] | 在馆 | |
| 4 | 418361 | 204183613 | 社科二线422/422社科库 12排2列2层/ [索取号:I247.5/H919:1] | 在馆 | |
| 5 | 418362 | 204183622 | 文学库108/ [索取号:I247.5/H919:1] | 在馆 | |
| 6 | 418363 | 204183631 | 社科二线400B/400B社科库 16排1列5层/ [索取号:I247.5/H919:1] | 在馆 | |
| 7 | 418364 | 204183640 | 社科二线422/422社科库 12排2列2层/ [索取号:I247.5/H919:1] | 在馆 | |
| 8 | 484355 | 204843553 | 社科二线400B/400B社科库 16排1列5层/ [索取号:I247.5/H919:1] | 在馆 |